000 00313nam a22001337a 4500
008 170825b xxu||||| |||| 00| 0 eng d
020 _a9781111186777
041 _aeng
080 _27 ED
_a047
100 _a40
101 _aMED
245 _aCRISIS INTERVENTION STRATEGIES
_cJAMES.R.K
942 _2udc
_cBK
999 _c24978
_d24978